000 00817nam a22002297a 4500
999 _c22684
_d22684
003 OSt
005 20230808100305.0
008 230807b ||||| |||| 00| 0 eng d
022 _a2114-5547
040 _aMunicipalidad Provincial del Cusco
_cBiblioteca Municipal del Cusco
082 _aR / Votreagglo Nº 118
_bFevrier 2023
100 _aGorges, Jean-Pierre
_ePrésident de Chartres métropole
_948871
245 _aVotre Agglo /
_bLe magazine de Chartres métropole
260 _aCompiègne :
_bGroupe Morault
_cFebrero-2023
300 _a88 páginas;
_bil. col., diagrs. ;
_c27 cm.
440 _aVotre agglo
_n# 118 FÉVRIER 2023
_948872
505 _aNOVO NORDISK Investissement, extension, emplois
650 _aMetrópoli de Chartres
_948873
650 0 _91444
_aFrancia
942 _2ddc
_cREV
945 _avcp